000 00466nam a22001937a 4500
003 MPLRDC
005 20220104123942.0
008 210129b ||||| |||| 00| 0 eng d
020 _a957-607-148-8
082 _a225.5 SYFS-2
100 _a圣严法师
245 _a东西南北
_c
250 _a初版
260 _a
_b圆神出版社
_c1994
300 _b
490 _a现代佛典. 32
650 _a佛教教化法, 教育
942 _cBK
_o225.5 SYFS-2
999 _c15482
_d15472